| 000 | 00658cam a2200193 a 4500 | ||
|---|---|---|---|
| 020 | _a0813329752 | ||
| 082 | 0 | 0 |
_a954.9105 _bPAK |
| 245 | 0 | 0 |
_aPakistan, 1997 / _cedited by Craig Baxter and Charles H. Kennedy. |
| 260 |
_aBoulder, Colo. : _bWestview Press, _c1998. |
||
| 300 |
_aix, 189 p. : _bmap ; _c24 cm. |
||
| 526 |
_a0 _b0 _c0 _d954_910500000000000_PAK |
||
| 590 | _aIn English. | ||
| 650 |
_aMCE _9379 |
||
| 700 | 1 |
_aBaxter, Craig. _92693 |
|
| 700 | 1 |
_aKennedy, Charles H. _946348 |
|
| 856 | 4 | 2 | _uhttp://www.loc.gov/catdir/enhancements/fy0830/97050622-b.html |
| 856 | 4 | 2 | _uhttp://www.loc.gov/catdir/enhancements/fy0830/97050622-d.html |
| 942 |
_2ddc _cBK |
||
| 999 |
_c549698 _d549698 |
||